000 00809nas a2200289 4500
001 BR9504200
003 BR-BrBNA
005 20231205094110.0
007 ta
008 230509b bl.|||p| |||| 00| 00por d
040 _aBR-BrBNA
_bpor
_cBiblioteca Nacional de Agricultura
041 _a(En)
072 _aH20; P34
100 1 _aLuz, E.D.M.N.
100 1 _aMitchell, D.J.
245 1 _aInfluence of soil flooding on cacao root infection by Phytophthora spp.
650 _aCacau
650 _aFungo
650 _aSolo
650 _aInfeccao
650 _aInundacao
650 _aRaiz
773 0 _tAgrotropica (Brazil)
_xISSN 0103-3816
_g(May-Aug 1994), v. 6(2) p. 53-60
_wBR9504200
856 4 0 _dLink DSPACE/MAPA BR9504200
909 _a202311
_bLúcia
_c55
_dLúcia Elande
942 _2AGRIS
_n0
_cANA
999 _c142068
_d142068